China Central Plain Cities Map Quiz 中原城市群 - Statistics

General Stats
  • This quiz has been taken 251 times
  • The average score is 20 of 30
Answers on the Map
Answers color-coded by a green-red scale on the quiz's map according to % correct below.
 
Answer Stats
Answer % Correct
Zhengzhou
郑州
90%
Luoyang
洛阳
84%
Kaifeng
开封
82%
Handan
邯郸
78%
Heze
菏泽
78%
Anyang
安阳
74%
Sanmenxia
三门峡
74%
Nanyang
南阳
71%
Xingtai
邢台
71%
Hebi
鹤壁
70%
Jiaozuo
焦作
70%
Xinxiang
新乡
69%
Jincheng
晋城
68%
Shangqiu
商丘
68%
Changzhi
长治
67%
Jiyang
济源
67%
Puyang
濮阳
67%
Yuncheng
运城
67%
Liaocheng
聊城
66%
Xinyang
信阳
65%
Xuchang
许昌
64%
Zhoukou
周口
64%
Fuyang
阜阳
59%
Zhumadian
驻马店
58%
Pingdingshan
平顶山
57%
Bengbu
蚌埠
56%
Bozhou
亳州
55%
Suzhou
宿州
49%
Huaibei
淮北
46%
Luohe
漯河
43%
No matching quizzes found
Score Distribution
Percent of People with Each Score
Percentile by Number Answered
Your Score History
You have not taken this quiz